Die Magd als Herrin (La Serva Padrona) Intermezzo in 2 Acten : Klavierauszug mit Text und vollständigem Dialog /

Hlavní autor: Pergolesi, Giovanni Battista, 1710-1736
Další autoři: Nelli, Iacopo Angelo, 1673-1767, Hecklots, Carl Alexander, Kleinmichel, Richard, 1846-1901
Jazyk: Němčina
Vydáno: Wien : Universal-Edition, 1890
Edice: Universal-Edition
Fyzický popis: 58 s.
Hudebniny Hudebniny
Uloženo v:
LEADER 01253ncm a22002772a 4500
001 001095465
003 CZ BrMZK
005 20220908140737.0
007 qu
008 020225s1890 au f ger d
040 |a BOA001  |b cze  |c BOA001 
072 7 |a 782  |x Divadelní hudba. Opera, opereta, muzikál  |2 Konspekt  |9 9 
100 1 |a Pergolesi, Giovanni Battista,  |d 1710-1736  |7 jn19990006462  |4 cmp 
245 1 4 |a Die Magd als Herrin (La Serva Padrona)  |h [hudebnina] :  |b Intermezzo in 2 Acten : Klavierauszug mit Text und vollständigem Dialog /  |c Giovanni Battista Pergolesi ; Text von Jacobo Angiolo Nelli, die freie deutsche Uebertragung in Versen von Carl Alexander Hecklots ; nach Partitur berichtigt und neu bearb. von Richard Kleinmichel 
246 3 3 |a Serva Padrona 
260 |a Wien :  |b Universal-Edition,  |c 1890 
300 |a 58 s. 
490 1 |a Universal-Edition ;  |v No. 3187. 
700 1 |a Nelli, Iacopo Angelo,  |d 1673-1767  |7 jn20031218013  |4 lbt 
700 1 |a Hecklots, Carl Alexander  |4 trl 
700 1 |a Kleinmichel, Richard,  |d 1846-1901  |7 xx0023130  |4 edt 
830 0 |a Universal-Edition 
910 |a BOA001  |b Mus3-0555.775 
990 |a MU 
991 |b 201005 
996 6 |b 2619452679  |c Mus3-0555.775  |l MZK  |r Sklad / do 1 hodiny  |n 0  |w 001121303  |u 000010  |a 1  |e BOA001  |j MZK50  |s P